=LDR 00000nam 2200000 4500 =001 INLIS000000000004990 =005 20150415172637.0 =006 =007 =008 Ind =035 ##$$0010-061300000004990 =041 ##$$a Ind =082 ##$$a 440 =090 ##$$a 440, Bal m =100 ##$$a BALDWIN, Shirley =245 ##$$a Mahir berbahasa Perancis dalam sepekan, Shirley Baldwin, Sarah Boas =260 ##$$a 1997 $b Jakarta =300 ##$$a 120 hlm., 20 cm =650 ##$$a Bahasa Perancis =700 ##$$a BOAS, Sarah =850 ##$$a NBPNMAT